Statistics for Countries That Have Beaten France At FIFA World Cup

Click here to take the quiz!

General Stats

  • This quiz has been taken 40 times
  • The average score is 19 of 23

Answer Stats

YearScoresCountry% Correct
19300 - 1Argentina
97%
19781 - 2Argentina
97%
2022(2) - (4)Argentina
97%
19582 - 5Brazil
97%
19381 - 3Italy
97%
19781 - 2Italy
97%
2006(3) - (5)Italy
97%
20140 - 1Germany
94%
19860 - 2Germany
94%
1982(4) - (5)Germany
94%
19661 - 2Uruguay
94%
19660 - 2England
84%
19821 - 3England
84%
20100 - 2Mexico
81%
19822 - 3Poland
75%
19342 - 3Austria
72%
20220 - 1Tunisia
69%
20020 - 1Senegal
63%
19540 - 1Yugoslavia
63%
19582 - 3Yugoslavia
63%
20020 - 2Denmark
59%
19300 - 1Chile
44%
20101 - 2South Africa
41%

Score Distribution

Percentile by Number Answered

Percent of People with Each Score

Your Score History

You have not taken this quiz